Otra Caperucita roja /

En Otra Caperucita roja, Coralina es una abuela narradora y posee una inmensa biblioteca. Ella invita a sumergirnos en una nueva versión de uno de los grandes clásicos de la literatura: Caperucita roja. A través de un relato enmarcado, nos encontraremos con un cuento renovado, pensado para lectoras...

Descripción completa

Guardado en:
Autor Principal: Scaliter, Juan.
Otros Autores: Iglesias, Delia; il.
Formato: Objeto Físico
Idioma:Spanish
Publicado: Buenos Aires : Chirimbote, 2023.
Edición:1a ed.
Series:Anticlásicos
Colección ESI / Dirección de Educación Sexual Integral
Materias:
ESI
Acceso en línea:Clic aquí para acceder a las orientaciones pedagógicas para trabajar este material.
Etiquetas: Agregar Etiqueta
Sin Etiquetas, Sea el primero en etiquetar este registro!
LEADER 02466nrm a22003855a 4500
001 CEM.cems024399
008 241209s2023####ag#---############vlspa#d
005 20250425164752.0
245 1 0 |a Otra Caperucita roja /  |c Juan Scaliter ; ilustrado por Delia Iglesias. 
250 |a 1a ed. 
260 |a Buenos Aires :  |b Chirimbote,  |c 2023. 
300 |a 24 p. 
490 1 |a Anticlásicos 
490 1 |a Colección ESI / Dirección de Educación Sexual Integral 
500 |a Colección de la Dirección General de Cultura y Educación del Gobierno de la Provincia de Buenos Aires. 
520 |a En Otra Caperucita roja, Coralina es una abuela narradora y posee una inmensa biblioteca. Ella invita a sumergirnos en una nueva versión de uno de los grandes clásicos de la literatura: Caperucita roja. A través de un relato enmarcado, nos encontraremos con un cuento renovado, pensado para lectoras y lectores del siglo XXI que se animan a imaginar nuevas historias. El relato presenta como protagonistas a diversas mujeres que escriben juntas sus propias historias, al tiempo que problematizan sentidos vinculados con actitudes y formas de comportamiento que, tradicionalmente, se esperaban de las mujeres; detentan así un rol activo en la toma de decisiones y en la resolución de conflictos. 
020 |a 9789878432496 
100 1 |a Scaliter, Juan. 
700 1 |a Iglesias, Delia; il. 
653 |a ESI 
653 |a Educación Sexual Integral 
653 |a Feminismo 
653 |a Estereotipos de género 
653 |a Literatura infantil 
653 |a Literatura argentina 
856 |u https://continuemosestudiando.abc.gob.ar/contenido/otra-caperucita-roja/  |y Clic aquí para acceder a las orientaciones pedagógicas para trabajar este material. 
859 |a CEMS  |b BIB. CEMS - Inicial y Primaria  |h A863.4  |i Sca45  |k IP  |p 6995  |t Ej.1 
859 |a CEMS  |b BIB. CEMS - Agricultura  |h A863.4  |i Sca45  |p A3732.24  |t Ej.1 
859 |a CEMS  |b BIB. CEMS - Ccias. Educacion  |h A863.4  |i Sca45  |k CE  |p 29657.24  |t Ej.1 
859 |a CEMS  |b BIB. CEMS - 11 de abril  |h A863.4  |i Sca45  |p 29658.24  |t Ej.1 
859 |a CEMS  |b BIB. CEMS - Inicial y Primaria  |h A863.4  |i Sca45  |k IP  |p 6996  |t Ej.2 
859 |a CEMS  |b BIB. CEMS - Agricultura  |h A863.4  |i Sca45  |p A3733.24  |t Ej.2 
859 |a CEMS  |b BIB. CEMS - 11 de abril  |h A863.4  |i Sca45  |p 29659.24  |t Ej.2 
859 |a CEMS  |b BIB. CEMS - Inicial y Primaria  |h A863.4  |i Sca45  |k IP  |p 6997  |t Ej.3 
859 |a CEMS  |b BIB. CEMS - Inicial y Primaria  |h A863.4  |i Sca45  |k IP  |p 6998  |t Ej.4